[Event "SVK-chT4 A22 1516"]
[Site "Slovakia"]
[Date "2015.12.13"]
[Round "5.3"]
[White "Branik, Mate"]
[Black "Puskar, David"]
[Result "0-1"]
[WhiteElo "1598"]
[BlackElo "1760"]
[PlyCount "44"]
[EventDate "2015.10.04"]
[EventType "team-tourn"]
[EventRounds "11"]
[EventCountry "SVK"]
[SourceTitle "EXT 2020"]
[Source "ChessBase"]
[SourceDate "2019.10.17"]
[SourceVersion "1"]
[SourceVersionDate "2019.10.17"]
[SourceQuality "1"]

1. e4 e6 2. d4 d5 3. Nc3 Nf6 4. Bg5 Be7 5. e5 Nfd7 6. Bxe7 Qxe7 7. Bd3 c5 8. Qg4 g6 9. Nb5 Kd8 10. Nd6 cxd4 11. Qxd4 Nc6 12. Nxc8 Rxc8 13. Qc3 Ncxe5 14. Qa5+ b6 15. Qxa7 Nxd3+ 16. cxd3 Qb4+ 17. Kf1 Qxb2 18. Re1 Rc2 19. Re2 Rxe2 20. Qa8+ Ke7 21. Qxh8 Rxf2+ 22. Ke1 Qd2# 0-1